00761 2200169 4500245002600000020002200026250001200048100001400060650001700074005001900091260004200110041001400152084000800166300002300174500038500197336000900582 aBumicTere LiyehText a978-602-03-3295-6 aCet. 13 aTere Liye aNovel Remaja a20240125081033 aJakartabGramedia Pustaka Utamac2016 aIndonesia a813 a440 hlm. :c20 cm. aNamaku Raib, usiaku 15 tahun, kelas sepuluh. Aku anak perempuan seperti kalian, adik-adik kalian, tetangga kalian. Aku punya dua kucing, namanya si Putih dan si Hitam. Mama dan papaku menyenangkan. Guru-guru di sekolahku seru. Teman-temanku baik dan kompak. Aku sama seperti remaja kebanyakan, kecuali satu hal. Sesuatu yang kusimpan sendiri sejak kecil. Sesuatu yang menakjubkan. atext